Statistics for Taylor Swift Album by Color

Click here to take the quiz!

General Stats

  • This quiz has been taken 146 times
  • The average score is 8 of 9

Answer Stats

HintAnswer% Correct
RedRed
99%
YellowFearless
94%
Brownevermore
93%
PurpleSpeak Now
93%
Blue1989
92%
Grayfolklore
92%
Blackreputation
92%
IndigoMidnights
90%
GreenTaylor Swift
90%

Score Distribution

Percentile by Number Answered

Percent of People with Each Score

Your Score History

You have not taken this quiz